000 00604nam a22001937a 4500
008 250529b |||||||| |||| 00| 0 eng d
020 _a9780198522669
050 _aHA29
_b.B39 1992
245 _aBayesian Statistics 4
_cBernardo J.M., Berger J.O., David A.P., Smith A.F.M.
260 _aNew York
_bOxford Science Publications
_c1992
300 _axiii, 859p.
_billustration;
650 _aSocial Sciences
_vStatistical Methods
650 _aBayesian Statistical Decision Theory.
700 _aBernardo J.M.
700 _aBerger J.O.
700 _aDavid A.P.
700 _a Smith A.F.M.
942 _cBK
999 _c3705
_d3705